00460nam a2200193Ia 4500003000900000008004100009040001300050040001300063041000800076100001800084245006700102250000900169260002100178260000900199300001100208300001000219490003000229490000700259IT-RoPAU120407s9999 xx 000 0 und d aIT-RoPAU cIT-RoPAU aita aBlaise Pascal aPensieri , scelti, tradotti e commentati da Rita Boffa .7.ed.  aAlba aEdizioni Paoline c1968 a213 p. c19 cm aDimensioni dello spirito  v42